[Event "Moehnesee Cup 29th"]
[Site "Moehnesee"]
[Date "2003.08.29"]
[Round "1"]
[White "Schoenhof, Timo"]
[Black "Knapp, Christoph"]
[Result "1/2-1/2"]
[WhiteElo "2055"]
[BlackElo "1799"]
[PlyCount "92"]
[EventDate "2003.08.??"]
[EventType "swiss"]
[EventRounds "9"]
[EventCountry "GER"]
[SourceTitle "EXT 2005"]
[Source "ChessBase"]
[SourceDate "2004.11.15"]
[SourceVersion "1"]
[SourceVersionDate "2004.11.15"]
[SourceQuality "1"]

1. e4 c5 2. f4 e6 3. Nf3 d6 4. Bb5+ Bd7 5. Bxd7+ Nxd7 6. d3 Ngf6 7. 0-0 Be7 8. b3 b5 9. Qe1 0-0 10. h3 Nb6 11. Nc3 Qd7 12. a4 a6 13. g4 Qc6 14. Bd2 Nfd7 15. g5 c4 16. Nd4 Qb7 17. axb5 axb5 18. Rxa8 Rxa8 19. Ndxb5 cxb3 20. cxb3 Nc5 21. Qb1 d5 22. f5 e5 23. f6 Bf8 24. fxg7 Kxg7 25. exd5 Nxd5 26. d4 Nxc3 27. Nxc3 exd4 28. Ne2 Rd8 29. Qf5 Qd7 30. Qf3 Ne6 31. Ng3 Kg8 32. Nh5 Bg7 33. Nf6+ Bxf6 34. gxf6 Qd5 35. Qd3 Kh8 36. Rf5 Rg8+ 37. Kf1 Qh1+ 38. Ke2 Rg2+ 39. Rf2 Rxf2+ 40. Kxf2 Qh2+ 41. Ke1 Qh1+ 42. Ke2 Qh2+ 43. Kd1 Qe5 44. Qf3 h5 45. h4 Kh7 46. Qd3+ Kh8 1/2-1/2

[Event "Moehnesee Cup"]
[Site "Moehnesee"]
[Date "2002.08.31"]
[Round "1"]
[White "Knapp, Christoph"]
[Black "Mohr, Daniel"]
[Result "1-0"]
[WhiteElo "1729"]
[BlackElo "1999"]
[PlyCount "127"]
[EventDate "2002.08.30"]
[EventType "swiss"]
[EventRounds "7"]
[EventCountry "GER"]
[SourceTitle "CBM 090 Extra"]
[Source "ChessBase"]
[SourceDate "2002.11.07"]
[SourceVersion "1"]
[SourceVersionDate "2002.11.07"]
[SourceQuality "1"]

1. e4 e5 2. Nf3 Nc6 3. Bc4 Nf6 4. d3 Bc5 5. Nc3 h6 6. Be3 Bb6 7. Qd2 d6 8. h3 Be6 9. Bb3 Qd7 10. Ba4 Ba5 11. a3 Bxc3 12. Qxc3 a6 13. Nd2 b5 14. Bb3 Bxb3 15. cxb3 d5 16. Rc1 d4 17. Qxc6 Qxc6 18. Rxc6 dxe3 19. fxe3 0-0-0 20. Ke2 Rd6 21. Rc3 Kb7 22. Nf3 Re8 23. Rhc1 c6 24. Nh4 g6 25. Nf3 Nd7 26. g4 Kb6 27. b4 Rde6 28. Nd2 Nf6 29. Nb3 Rd8 30. Nc5 Red6 31. Rf1 Ka7 32. h4 Nxg4 33. Rxf7+ Kb8 34. Nb7 R8d7 35. Nxd6 Rxd6 36. Kf3 Nf6 37. Re7 Nd7 38. Rh7 h5 39. Rf7 Kc8 40. Ke2 Kd8 41. Rc1 Kc8 42. Rcf1 Kd8 43. Rg7 Ke8 44. Rg8+ Ke7 45. Ra8 c5 46. Rc1 c4 47. dxc4 bxc4 48. Rxc4 Kf6 49. Rc1 Kg7 50. Ra7 Kh6 51. Rcc7 Nf6 52. Re7 g5 53. hxg5+ Kxg5 54. Rxe5+ Kh4 55. Rg7 Ng4 56. Rf5 Re6 57. Rh7 Nf6 58. Rh6 Nxe4 59. Rfxh5+ Kg4 60. Rh4+ Kg5 61. Rxe6 Ng3+ 62. Kf3 Kxh4 63. Rh6+ Nh5 64. Rxh5+ 1-0